000 00454ntaaa2200169 4500
003 01
005 20251027202626.0
008 0714s1973 ag 01
040 _aAR-BaBN
_bspa
_cAR-BaBN
_eaacr
_dRIC
082 _a371.2000 G94g
245 _aGuía del club de ahorro
250 _a1 ed.
260 _aBuenos Aires :
_bFaja Nacional de Ahorro y Seguro,
_cs.f.
300 _a47 p ;
_cilu. : 21 cm
650 _aCaja nacional de ahorro y seguro
942 _cBK
999 _c21407
_d21407